Model internetového obchodovania s elektrickou energiu v liberalizovanej elektroenergetike

Enregistré dans:
Détails bibliographiques
Auteur principal: Darlea, Adrian (Auteur)
Autres auteurs: Šimunek, Peter (Directeur de thèse)
Format: Manuscrit Livre
Langue:slovaque
Publié: Bratislava : STU v Bratislave FEI, 2003
Sujets:
Tags: Ajouter un tag
Pas de tags, Soyez le premier à ajouter un tag!

MARC

LEADER 00000ntm a22000003a 4500
001 stu87081
005 20160719164715.6
008 040519s2003------------------------slo-d
040 |a STU  |b slo 
041 0 |a slo 
100 1 |a Darlea, Adrian  |4 aut 
245 1 |a Model internetového obchodovania s elektrickou energiu v liberalizovanej elektroenergetike 
260 |a Bratislava :  |b STU v Bratislave FEI,  |c 2003 
300 |a 53 s 
650 7 |a Elektroenergetické a silnoprúdové inžinierstvo  |2 stusub 
700 1 |a Šimunek, Peter  |4 ths  |u E130  |U FEI Fakulta elektrotechniky a informatiky  |T FEI Katedra elektroenergetiky  |U E130  |Y 59